| 000 | 00929nam a2200289 a 4500 | ||
|---|---|---|---|
| 001 | 000032098 | ||
| 003 | DO-SdBNP | ||
| 005 | 20171107110746.0 | ||
| 007 | 000032098 | ||
| 008 | 110712s200u dr 000 0 spa d | ||
| 020 | _a9945130005 | ||
| 040 |
_aBPMSU _bspa _cBPMSU |
||
| 092 |
_axxx _bD249n |
||
| 100 | 1 |
_aDavid, León, _d1945- |
|
| 245 | 1 | 3 |
_aLa noche de los escombros, comedia dramática en un acto ; El sueño de Arlequín, monólogo / _cLeón David. |
| 246 | 1 | _a El sueño de Arlequín, monólogo | |
| 260 |
_aSanto Domingo : _bMediabyte _c[200u]. |
||
| 300 |
_a67 p. ; _c22 cm. |
||
| 505 | _aEl sueño de Arlequín (monólog) -- | ||
| 563 | _aDos obras encuadernada juntas con paginación continúa | ||
| 740 | _aEl sueño de Arlequín | ||
| 930 | 1 |
_l _m _8 _f _p _g |
|
| 942 |
_2ddc _cBK |
||
| 945 | _a Inventariado / 2017 VM | ||
| 956 |
_a _b _c _l _h |
||
| 956 |
_aVMATEO _b10 _c20150303 _lBPMSU _h00151 |
||
| 999 |
_c7544 _d7544 |
||